| 000 | 00432nam a2200193Ia 4500 | ||
|---|---|---|---|
| 008 | 210210b1970 xxu||||| |||| 00| 0 eng d | ||
| 041 | _aeng | ||
| 082 | _a575.1 DALT | ||
| 100 | _aDALELA (R C) and Others | ||
| 245 | _aTextbook of genetics | ||
| 250 | _a | ||
| 260 |
_aMeerut _bJai Prakash _c1970 |
||
| 300 | _aviii,340 | ||
| 650 | _aTextbook | ||
| 650 | _aof | ||
| 650 | _agenetics | ||
| 690 | _aGenetics | ||
| 906 | _a028496 | ||
| 999 |
_c79739 _d79739 |
||